| 000 | 00421nam a2200157Ia 4500 | ||
|---|---|---|---|
| 008 | 240729s9999 xx 000 0 und d | ||
| 022 | _a2589-0514 | ||
| 245 | 0 | _aChronic Diseases and Translational Medicine | |
| 260 | _aUnited Kingdom | ||
| 260 | _bWiley | ||
| 650 | _a Medicine (General) | ||
| 650 | _aMedicine | ||
| 856 | _uhttps://doaj.org/toc/0dae24ffb27b4c1b8d7bc0e313f517dc | ||
| 942 | _2ddc | ||
| 942 | _cDOAJEJ | ||
| 999 |
_c72542 _d72542 |
||
| 945 |
_a1 _bMadushi Gamage _c1 _dMadushi Gamage |
||